1547 1195 1014 1989 1365 1885 1459 1466 1359 1823 1517 1261 1879 1423 1985 1373 1022 1482 1598 1604 1664 1336 1057 1542 1813 1284 1323 1846 1648 1667 1706 1164 1608 1766 1116 1170 1859 1903 1308 1333 1810 1450 1162 1333 1565 1443 1040 2000 1254 1855 1135 1149 1532 1912 1497 1960 1863 1438 1707 1836 1771 1543 1887 1460 1308 1510 1340 1439 1711 1711 1596 1513 1080 1484 1722 1058 1598 1303 1143 1625 1078 1896 1794 1290 1685 1712 1672 1739 1176 1539 1541 1390 1199 1624 1457 1795 1382 1954 1025 BCNSPRNW ULIB Ver.6.0+V

เปลี่ยนเป็นภาษาไทย

Change to English
 แสดงรายละเอียดบรรณานุกรม
  กลับหน้าหลัก

Brief Record : Get Marc (ISO 2709) : E-mail record : QR code < ปิดหน้าต่าง
LEADER : 00000nam 2200000uu 4500
001    13399126142
003     ULIB
008    180612s2016||||th 000 0 tha d
020    ^a9781316503966
050 00 ^aPE1128^bC172^cV.11
245 10 ^aCambridge practice tests for IELTS 11
260    ^aCambridge :^bCambridge University Press,^c2016
300    ^a144 p.:^bill. ;^c25 cm.
650 00 ^aInternational English Language Testing System.
650 00 ^aEnglish language^xExaminations, questions, etc.
650 00 ^aEnglish language^xTextbooks for foreign speakers
945    ^p530^l0^i004238
999    ^aวรรณษา ชูชัยมงคล
รายการนี้ยังไม่มีแท็ก
คุณยังไม่ได้ล็อกอิน คุณสามารถมีกิจกรรมร่วมกับเว็บไซต์ได้ แต่ต้องล็อกอินก่อน ::
  ล็อกอิน

รายการสื่อสารสนเทศ

ลำดับที่ ประเภท เลขเรียก/บาร์โค้ด สถานที่ สถานะ
1. วิทยาศาสตร์การแพทย์ และสุขภาพ
หนังสือสำรอง
สถานะ=หนังสือสำรอง
PE1128 C172 V.11 ฉ.1 
  Barcode: 004238
ห้องสมุดวิทยาเขตสวรรค์ประชารักษ์
►หนังสือทั่วไป
บนชั้น

รายการใกล้เคียง
    ชื่อเรื่อง [Cambridge practice tests for IELTS 11]

    หัวเรื่อง [International English Language Testing System.]

BibComment


ยังไม่เคยถูกคอมเมนท์

คอมเมนท์ทรัพยากรรายการนี้
  คอมเมนท์: Cambridge practi..


 Copyright 2026. Bcnsprnw @Library